Folyamatfejlesztés automatizálás segítségével nagyvállalati környezetben

Bibliográfiai részletek
Szerző: Bosskay Kristóf
További közreműködők: Avornicului Dr. Mihály
Katona Gergő
Dokumentumtípus: Diplomadolgozat
Kulcsszavak:Automatizálás
Folyamatfejlesztés
Visual Basic for Application
Online Access:http://dolgozattar.uni-bge.hu/20597

MARC

LEADER 00000nta a2200000 i 4500
001 dolg20597
005 20190508102930.0
008 190508suuuu hu om 000 hun d
040 |a BGE Dolgozattár Repozitórium  |b hun 
041 |a hu 
100 1 |a Bosskay Kristóf 
245 1 0 |a Folyamatfejlesztés automatizálás segítségével nagyvállalati környezetben  |c Bosskay Kristóf  |h [elektronikus dokumentum] 
695 |a Automatizálás 
695 |a Folyamatfejlesztés 
695 |a Visual Basic for Application 
700 1 |a Avornicului Dr. Mihály  |e ths 
700 1 |a Katona Gergő  |e ths 
856 4 0 |u http://dolgozattar.uni-bge.hu/20597/1/Szakdolgozat_N5GABJ_Bosskay_Kristof.pdf  |z Dokumentum-elérés